Žitnoostrovné múzeum zrekonštruované

Bibliographic Details
Main Author: Velšic, Patrik (Author)
Format: Article
Language:Slovak
PhysicalDescription:Fotogr.
ISSN:1338-8088
Subjects:

MARC

LEADER 00000nab a2200000 a 4500
001 vtls011561850
003 SK-MaSNL
005 20260305015716.0
008 160621|2016 xo e| 000 02slo
015 |a SNBRB2016/06 
038 |a DSZK 
040 |a DSZK  |b slo  |c DSZK  |e AACR2 
041 |a slo 
044 |a xo  |c SK 
080 |a 069  |x (437.6)  |2 2011 
100 1 |a Velšic, Patrik  |4 aut  |9 494250 
245 1 0 |a Žitnoostrovné múzeum zrekonštruované  |c Patrik Velšic 
300 |b Fotogr. 
610 2 7 |a Žitnoostrovské múzeum v Dunajskej Strede  |2 dszk  |9 194677 
650 0 7 |a rekonštrukcie  |2 dszk  |9 24616 
651 7 |a Dunajská Streda (Slovensko)  |2 SNKPH  |9 17375 
773 0 |t Rodný môj kraj  |g Roč. 4, č. 10 (2016), s. 6  |x 1338-8088 
852 |a DSZK  |b KIS3GCP 
958 |a SK 
999 |c 3276683  |d 3278613